| 000 | 01670cad a22002295a 4500 | ||
|---|---|---|---|
| 001 | L145315 | ||
| 008 | 080926s2008 xxk d f sf000 0 eng d | ||
| 035 | _a(Sirsi) u145315 | ||
| 041 | 0 | _aeng | |
| 050 | 0 | 4 | _a338.47624 $2 22 |
| 110 | 2 |
_aUnited Kingdom _bOffice of Fair Trading _94767 |
|
| 245 | 0 | 0 |
_aHomebuilding in the UK _ba market study _h[electronic resource] |
| 260 | _c2008 | ||
| 520 | _aPresents the market study of home building in the UK. Reveals that there is good competition in the market. Shows that home buyers suffer from defaults in new houses, delays in completing the construction, and issues in the sales process. Explains that to remedy this situation, representatives from the home building industry agreed to form a body to establish a code of conduct which will be operative on March 2010. Suggests that in case of failure of the industry to deliver an effective solution, the Office of Fair Trading recommends a statutory redress scheme. Mentions that the scheme would allow granting compensations to homebuyers for issues related to the sales process, contracts, defaults or delays. Encourages the Government and the Welsh Assembly to support small building companies and self-builders to reach the level required by the Code for Sustainable Homes by helping them to access available solutions. | ||
| 521 | _aAdvanced | ||
| 590 | _aKA NTK | ||
| 650 | 2 | 4 | _aCODE FOR SUSTAINABLE HOMES |
| 651 | 4 |
_aUnited Kingdom _y |
|
| 690 | _aPROPERTY-RESIDENTIAL PROPERTY-RESIDENTIAL PROPERTY DEVELOPMENT | ||
| 856 | 4 | 8 |
_uhttps://www.oft.gov.uk/shared_oft/reports/comp_policy/oft1020.pdf _zView the item free of charge at www.oft.gov.uk... |
| 942 | _n0 | ||
| 999 |
_c108754 _d108754 |
||